000 00609nam a22001937a 4500
003 0
005 20250115121356.0
008 250115b xxu||||| |||| 00| 0 eng d
020 _a978-621-435-037-7
050 _aBD 21
_b.Is75 2021
100 _aIsla, Lorenzo B.
245 _aIntroduction to the philiosophy of the human person
_cLorenzo B. Isla
260 _aBulacan
_bKLEAFS Publishing
_c2021
300 _aiv, 241 pages :
_billustrations and pictures ;
_c2021
504 _aIncludes bibliographical references and glossary.
650 _aPhilosophy.
650 _aHuman being.
942 _2lcc
_cBK
999 _c366976
_d366976